Statistiques concernant Petit Bac - Rappeurs français

Cliquez ici pour prendre le quiz!

Statistiques générales

  • Ce quiz a été pris 13 266 fois
    (13 264 depuis la dernière actualisation)
  • Le résultat moyen est 13 sur 25

Statistiques - réponses

HintRéponse% Correct
BBramo - Bigflo - BKL - Bramsito - Bitsu - Benash - Badjer - Benab - B-NOM - Bigor - Brvmsoo - Booba - Brulux - Bosh - Bilouki - Bolemvn - Bigflo & Oli
93%
DDex - Davodka - Django - Di-Meh - DRK2BINKS - DTF - Damso - Disiz - Despo Rutti - Denzo - Dabs - Dadju - Dicidens - Don Choa - Dinos - DA Uzi - Diddi Trix - Dinor - Djadja - Dinaz - Djadja & Dinaz - Dosseh
84%
NNkess - Nakry - Norsacce Berlusconi - Nahir - NOS - Nail - Naza - Niro - NTM - Nash KSLD - Negrito - Neskoo - Ninho - Naps - Niska
78%
JJoysad - Josman - JeanJass - Jazzy Bazz - Jul - Jok'air - Jorrdee - Jones Cruipy - JNR - JoeyStarr - Junior Bvndo
77%
KKD - Kalash - Kaza - Kikesa - Kekra - Kery James - Koto - Kalash Criminel - Kool Shen - Koffi Lossa - Kolo - Kaneki - Kanoe - Kvrtel - Kenedy - KLN 93 - Kodes - Kofs - Key Largo - Keusty - Kpoint - Kaaris - Koba LaD
77%
AA2h - Alkpote - Ademo - Ashe 22 - Anas - Alrima - Akhenaton - Alpha 5.20 - Alonzo
74%
LLa F - Leonis - LVZ - Lorenzo - L'or du Commun - Lazer MMZ - Landy - Lpee - Lim - Larse - L2B Gang - Luv Resval - Leto - Lemon Haze - L'Allemand - Larry - La MG - Lacrim - La Fouine
68%
PPSO Thug - PNL - Pirate - Passi - PLK - Poulaxe - Popey - Psy 4 De la Rime
66%
GGus - Guy2Bezbar - Gazo - Gips - Gambi - Gambino - Gradur - GLK - Guizmo
65%
SSneazzy - Sifax - Seth Gueko - Salif - Secteur P - Skodri - Saamou Skuu - Sultan - Shurik'n - Sinik - SCH - SDM - Sasso - Soso Maness - Shotas - Sadek - Soolking - Siboy - Sniper - Sofiane
65%
HHugo TSR - Hos Copperfield - Hatik - Hamza - Hayce Lemsi - Heuss L’enfoiré - Hornet La Frappe
60%
OOli - Oboy - Oxmo Puccino - Orelsan
60%
ZZed - ZeGuerre - Ziak - ZKR - Zola
60%
MMistik - Menace Santana - Mess - Manimi - Moha MMZ - MS13 - Mig - Malty 2BZ - Mister V - MMZ - Madrane - Mehdi Yz - Moha K - Medine - Mac Tyer - MHD - Mous-K - Maes - Moha La Squale - Mister You
55%
RRvzmo - Rimkus - Riane - Rucho Setmile - Rohff - Remy - RK - Rim'K
49%
VVVES - Venlo - Vald
48%
FFave - Fresh laDouille - Flaco Mundo - Frenetik - Freeze Corleone - Falcko - Fonky Family
47%
TTissmey - Tovaritch - Thabiti - Tunisiano - Tisco - The S - Trixxo - Tiakola - Tiitof - TK - Timal
40%
YYoussoupha - Yaro - YL
30%
EEnfantdepauvres - Esteban - Elh Kmer - Enfants Terribles - Elams
22%
IIsha - Ixzo - IAM - ISK
22%
CCaballero- Chanceko - CG6 - Comme1Flocon - Cheu-B - Cinco - Chily - Chicaille Argente
21%
UUzi
14%
WWaiv - Walid
10%
QQ.E Favelas
4%

Distribution des résultats

Percentile par nombre de réponses

% des personnes avec chaque résultat

Votre développement - résultats

Vous n’avez pas pris ce quiz depuis la dernière actualisation